Genoa players (2010-2020) - Statistics

General Stats
  • This quiz has been taken 11 times
  • The average score is 48 of 194
Answer Stats
Rank Player Positions Nationality Matches Goals (assists) Period % Correct
2 Goran Pandev CF 127 21 (6) 2015-2020
100%
3 Juraj Kucka CM 122 9 (6) 2010-2016
80%
1 Mattia Perin GK 169 0 (0) 2010-2011, 2013-2018, 2019-2020
80%
21 Rodrigo Palacio ST 59 28 (18) 2010-2012
80%
6 Diego Laxalt LB 111 7 (11) 2014-2018
70%
95 Krzysztof Piatek ST 19 13 (0) 2018-2019
70%
57 Luca Antonini LB 33 3 (0) 2013-2015
70%
17 Sébastien Frey GK 74 0 (0) 2011-2013
70%
14 Tomás Rincón DM 79 3 (8) 2014-2017
70%
20 Andreas Granqvist CB 63 2 (3) 2011-2013
60%
38 Diego Perotti LW 43 5 (7) 2014-2016
60%
11 Domenico Criscito LB 97 10 (7) 2010-2011, 2018-2020
60%
46 Gianluca Lapadula ST 36 7 (0) 2017-2019
60%
141 Giuseppe Rossi ST 9 1 (0) 2017-2018
60%
28 Ionuț Radu GK 50 0 (1) 2018-2020
60%
25 Kakhaber Kaladze CB 53 1 (0) 2010-2012
60%
8 Luca Antonelli LB 104 8 (10) 2010-2015
60%
16 Marco Rossi RM 76 6 (2) 2010-2013
60%
5 Miguel Veloso DM 115 3 (10) 2010-2012, 2016-2019
60%
7 Nicolás Burdisso CB 108 0 (1) 2013-2017
60%
98 Suso RW 19 6 (1) 2015-2016
60%
116 Abdoulay Konko RB 13 0 (1) 2010-2011
50%
26 Alberto Gilardino ST 50 19 (9) 2011-2012, 2013-2014
50%
4 Andrea Bertolacci CM 121 13 (14) 2012-2015, 2017-2018
50%
19 Giandomenico Mesto RM 68 3 (2) 2010-2013
50%
51 Giovanni Simeone ST 35 12 (1) 2016-2017
50%
37 Isaac Cofie DM 44 1 (1) 2013-2014, 2016-2018
50%
64 Omar Milanetto DM 31 2 (3) 2010-2011
50%
184 Rubinho GK 2 0 (0) 2016-2017
50%
29 Stefano Sturaro CM 50 3 (7) 2013-2015, 2018-2020
50%
93 Alexander Merkel CM 19 1 (3) 2011-2013
40%
90 Andrey Galabinov ST 20 3 (2) 2017-2018
40%
24 Boško Janković RW 55 10 (3) 2010-2013
40%
56 Ciro Immobile ST 33 5 (3) 2012-2013
40%
91 Cristian Zapata CB 20 1 (0) 2019-2020
40%
9 Darko Lazović LM 102 5 (11) 2015-2019
40%
45 Davide Biondini CM 36 1 (3) 2011-2012, 2013-2014
40%
39 Eugenio Lamanna GK 43 0 (1) 2014-2018
40%
191 Francesco Modesto LB 1 0 (0) 2010-2011
40%
47 Giannis Fetfatzidis RW 36 4 (4) 2013-2015
40%
52 Giuseppe Sculli LW 35 3 (7) 2010-2012, 2013-2014
40%
40 Iago Falque RW 42 15 (6) 2014-2015, 2019-2020
40%
60 Lasse Schöne DM 32 2 (3) 2019-2020
40%
112 Lucas Ocampos LW 14 3 (0) 2016-2017
40%
48 Marco Borriello ST 36 12 (4) 2012-2013, 2014-2015
40%
122 Marco Motta RB 13 0 (1) 2013-2014
40%
76 Mattia Destro ST 24 2 (1) 2010-2011, 2019-2020
40%
49 Matuzalém DM 36 1 (6) 2012-2014
40%
78 Panagiotis Tachtsidis DM 24 2 (1) 2015-2016
40%
101 Tino Costa CM 18 2 (2) 2014-2016
40%
185 Albano Bizzarri GK 1 0 (0) 2013-2014
30%
125 Alberto Paloschi ST 12 2 (0) 2010-2011
30%
62 Aleandro Rosi RB 31 0 (1) 2014-2015, 2017-2018
30%
130 Alessio Cerci RW 11 4 (1) 2015-2016
30%
63 Antonio Floro Flores ST 31 12 (3) 2010-2011, 2012-2014
30%
10 Armando Izzo CB 98 2 (2) 2014-2018
30%
68 Blerim Dzemaili CM 27 3 (1) 2015-2016
30%
30 Christian Kouamé ST 49 9 (7) 2018-2020
30%
50 Cristóbal Jorquera AM 35 2 (5) 2011-2013
30%
32 Dario Dainelli CB 47 1 (1) 2010-2012
30%
86 Diego Capel LW 21 0 (0) 2015-2016
30%
42 Eduardo GK 37 0 (0) 2010-2011
30%
82 Emanuele Calaiò ST 22 3 (0) 2013-2014
30%
15 Emiliano Moretti CB 78 1 (1) 2010-2013
30%
59 Facundo Roncaglia CB 32 0 (1) 2014-2015
30%
168 Federico Marchetti GK 4 0 (0) 2018-2019
30%
119 Houssine Kharja CM 13 0 (0) 2010-2011
30%
121 Iuri Medeiros RW 13 2 (1) 2017-2019
30%
150 Jawad El Yamiq CB 7 0 (0) 2017-2018, 2019-2020
30%
36 Leonardo Pavoletti ST 45 23 (5) 2014-2017
30%
18 Luca Rigoni CM 72 8 (4) 2015-2018
30%
54 Lukas Lerager CM 35 2 (1) 2018-2020
30%
123 Marco Rigoni CM 13 1 (2) 2012-2013
30%
77 Mauricio Pinilla ST 24 3 (1) 2014-2015, 2016-2017
30%
114 M'Baye Niang ST 14 5 (2) 2014-2015
30%
142 Pietro Pellegri ST 9 3 (0) 2016-2018
30%
88 Raffaele Palladino LW 21 0 (1) 2010-2011, 2016-2018
30%
55 Rafinha RB 34 2 (1) 2010-2011
30%
13 Sebastien De Maio CB 84 4 (1) 2013-2016
30%
83 Sime Vrsaljko RB 22 0 (2) 2013-2014
30%
65 Thomas Manfredini CB 29 0 (1) 2012-2014
30%
103 Valon Behrami CM 17 0 (0) 2019-2020
30%
146 Adama Soumaoro CB 8 1 (0) 2019-2020
20%
66 Adel Taarabt CM 28 2 (5) 2016-2018
20%
136 Alessandro Gamberini CB 10 0 (0) 2013-2014
20%
104 Alessandro Matri ST 16 7 (6) 2014-2015
20%
70 Andrea Favilli ST 26 0 (1) 2018-2020
20%
107 Andrea Masiello CB 15 0 (1) 2019-2020
20%
58 Andrea Pinamonti ST 32 5 (2) 2019-2020
20%
189 Antonio Donnarumma GK 1 0 (0) 2012-2013
20%
41 Antonio Sanabria ST 39 9 (3) 2018-2020
20%
73 Cristian Ansaldi LB 24 0 (4) 2015-2016
20%
44 Daniele Portanova CB 36 2 (0) 2012-2014
20%
167 Denilho Cleonise RW 4 0 (0) 2019-2020
20%
190 Diego Polenta CB 1 0 (0) 2010-2011
20%
33 Edenilson CM 46 0 (9) 2014-2015, 2016-2017
20%
118 Edoardo Goldaniga CB 13 1 (0) 2019-2020
20%
23 Ervin Zukanovic CB 56 0 (1) 2017-2019
20%
140 Francesco Lodi DM 9 2 (1) 2013-2014
20%
127 Gergely Rudolf ST 12 1 (0) 2010-2011
20%
53 Ivan Radovanovic DM 35 0 (1) 2018-2020
20%
194 Linus Hallenius ST 1 0 (0) 2012-2013
20%
79 Luca Rossettini CB 23 0 (0) 2017-2018
20%
106 Luca Toni ST 16 3 (3) 2010-2011
20%
75 Mario Sampirisi RB 24 0 (0) 2011-2014
20%
152 Mauro Boselli ST 7 2 (0) 2010-2011
20%
80 Maxime Lestienne RW 23 1 (2) 2014-2015
20%
115 Michele Canini CB 14 0 (0) 2012-2013
20%
67 Nicolás Spolli CB 28 0 (0) 2017-2019
20%
43 Olivier Ntcham AM 37 3 (2) 2015-2017
20%
34 Oscar Hiljemark CM 46 3 (4) 2016-2019
20%
128 Paolo De Ceglie LB 12 1 (0) 2013-2014
20%
72 Paolo Ghiglione RM 25 0 (5) 2019-2020
20%
61 Pedro Pereira RB 32 0 (0) 2017-2019
20%
109 Ricardo Centurión LW 15 0 (0) 2013-2014, 2017-2018
20%
129 Riccardo Fiamozzi RB 12 0 (0) 2015-2017
20%
165 Said Ahmed Said ST 5 1 (1) 2012-2013
20%
89 Serge Gakpé RW 21 4 (2) 2015-2017
20%
144 Valter Birsa AM 9 0 (0) 2011-2012
20%
145 Zé Love ST 9 0 (0) 2011-2012
20%
154 Alassane També RB 6 0 (0) 2014-2015
10%
187 Alexandros Tzorvas GK 1 0 (0) 2012-2013
10%
126 Andrea Caracciolo ST 12 1 (1) 2011-2012
10%
99 Antonio Barreca LB 18 0 (1) 2019-2020
10%
149 Cabral DM 7 0 (2) 2013-2014
10%
85 Cesare Bovo CB 21 0 (0) 2011-2013
10%
22 Cristian Romero CB 57 3 (3) 2018-2020
10%
12 Davide Biraschi CB 88 0 (2) 2016-2020
10%
179 Eddie Salcedo ST 2 0 (0) 2017-2018
10%
180 Enej Jelenic LM 2 0 (0) 2010-2011
10%
175 Enis Nadarevic LW 3 0 (0) 2012-2013
10%
31 Ezequiel Muñoz CB 49 0 (0) 2015-2017
10%
69 Felipe Seymour DM 27 0 (0) 2011-2013
10%
110 Fernando Belluschi AM 14 1 (1) 2011-2012
10%
74 Francesco Cassata CM 24 2 (0) 2019-2020
10%
155 Francesco Migliore LB 6 0 (0) 2017-2018
10%
192 Franco Mussis DM 1 0 (0) 2014-2015
10%
169 Franco Zuculini CM 4 0 (0) 2010-2011
10%
132 Gabriel Silva LB 11 0 (0) 2015-2016
10%
156 Giammario Piscitella LW 6 0 (0) 2012-2013
10%
27 Giovanni Marchese LB 50 1 (5) 2013-2017
10%
120 Issa Cissokho RB 13 0 (1) 2015-2016
10%
193 Jandrei GK 1 0 (0) 2018-2019
10%
92 Juan Manuel Vargas LB 20 0 (1) 2012-2013
10%
138 Kevin Agudelo AM 10 1 (1) 2019-2020
10%
151 Leandro Greco CM 7 0 (0) 2014-2015
10%
139 Luca Mazzitelli CM 10 0 (0) 2018-2019
10%
133 Lucas Orbán CB 11 0 (0) 2016-2017
10%
113 Lucas Pratto ST 14 1 (3) 2011-2012
10%
157 Mario Santana RW 6 0 (0) 2013-2014
10%
134 Marko Pajac LB 11 0 (0) 2019-2020
10%
71 Moussa Konaté ST 25 1 (2) 2013-2014
10%
183 Nicolò Rovella DM 2 0 (0) 2019-2020
10%
102 Nikola Ninkovic AM 17 2 (1) 2016-2017
10%
162 Petar Brlek DM 5 0 (0) 2017-2018
10%
96 Peter Ankersen RB 19 0 (1) 2019-2020
10%
172 Riccardo Saponara AM 4 0 (0) 2019-2020
10%
173 Richmond Boakye ST 4 0 (0) 2010-2011
10%
143 Roger Carvalho CB 9 0 (0) 2011-2012
10%
100 Rômulo CM 18 1 (1) 2018-2020
10%
178 Sinan Gümüş RW 3 0 (0) 2019-2020
10%
84 Stephane Omeonga CM 22 0 (0) 2017-2019
10%
135 Zakarya Bergdich LB 11 0 (1) 2014-2015
10%
148 Adrian Stoian LW 7 0 (1) 2013-2014
0%
186 Alberto Marchiori CB 1 0 (0) 2011-2012
0%
174 Andrea Beghetto LM 3 0 (0) 2016-2017
0%
105 Andrea Ranocchia CB 16 2 (0) 2010-2011
0%
158 Anselmo DM 5 0 (0) 2012-2013
0%
188 Antonino Ragusa LW 1 0 (0) 2014-2015
0%
108 Chico Flores CB 15 0 (0) 2010-2011
0%
166 Damiano Ferronetti CB 4 0 (0) 2012-2013
0%
35 Daniel Bessa CM 45 3 (4) 2017-2019
0%
81 Dániel Tőzsér CM 22 0 (1) 2012-2013
0%
117 Danilo Cataldi DM 13 0 (0) 2016-2017
0%
147 Diogo Figueiras RB 8 1 (0) 2015-2016
0%
137 Eros Pisano RB 10 1 (0) 2012-2013
0%
94 Esteban Rolón DM 19 0 (0) 2018-2019
0%
159 Federico Ricci RW 5 0 (0) 2017-2018
0%
131 Filip Jagiello DM 11 0 (2) 2019-2020
0%
181 Giuseppe Panico CF 2 0 (0) 2014-2016
0%
160 Giuseppe Pezzella LB 5 0 (0) 2018-2019
0%
87 Kévin Constant LB 21 1 (1) 2011-2012
0%
111 Koray Günter CB 14 0 (0) 2018-2019
0%
182 Leonardo Melazzi RW 2 0 (0) 2012-2013
0%
170 Leonardo Morosini AM 4 0 (0) 2016-2017
0%
176 Luka Krajnc CB 3 0 (0) 2012-2013
0%
171 Masahudu Alhassan LB 4 0 (1) 2011-2012
0%
161 Mattia Cassani RB 5 0 (0) 2012-2013
0%
177 Nicola Dalmonte RW 3 0 (0) 2018-2019
0%
163 Rolando Mandragora DM 5 0 (0) 2014-2015
0%
164 Rubén Olivera CM 5 0 (0) 2012-2013
0%
124 Sandro CM 13 0 (1) 2018-2019
0%
97 Santiago Gentiletti CB 19 0 (1) 2016-2018
0%
153 Tim Matavz ST 7 0 (0) 2015-2016
0%
No matching quizzes found
Score Distribution
Percent of People with Each Score
Percentile by Number Answered
Your Score History
You have not taken this quiz